[Event "DEM U14 2000"]
[Site "Überlingen GER"]
[Date "2000.06.08"]
[Round "7"]
[White "Baramidze, David"]
[Black "Raach, Stephen"]
[Result "1-0"]
[Termination "normal"]
[Board "1"]
[WhiteElo "2154"]
[BlackElo "1895"]
[PlyCount "109"]
[WhiteFideId "4667719"]
[EventCountry "GER"]
[EventRounds "9"]
[EventType "swiss"]
[EventDate "2000.06.03"]

1. e4 e5 2. Nf3 Nf6 3. Nxe5 d6 4. Nc4 Nxe4 5. Qe2 Qe7 6. d3 Nf6 7. Bg5 Nbd7 8.
Nc3 h6 9. Bh4 Qxe2+ 10. Bxe2 d5 11. Nb5 Kd8 12. Ne3 c6 13. Nd4 Bc5 14. Ndf5 g6
15. d4 Bf8 16. Ng4 gxf5 17. Nxf6 Be7 18. Nxd7 Bxh4 19. Ne5 Be6 20. g3 Be7 21.
f4 h5 22. Bd3 Kc7 23. Kf2 Rh6 24. Rae1 Bf6 25. c3 Rg8 26. h4 Rh7 27. Nf3 Kd7
28. Re3 Rhh8 29. Rhe1 Re8 30. Ne5+ Kc7 31. R3e2 Bd8 32. Nf3 Kd7 33. b4 Ref8 34.
Nd2 Bc7 35. Nf1 Rh6 36. a3 Bb6 37. Nd2 Bc7 38. Nf3 Bd6 39. Ng5 Rg6 40. Re3 Rh6
41. a4 Rb8 42. Rb1 Rhh8 43. Re2 Bc7 44. Nf3 Rhc8 45. Ne5+ Ke7 46. Rbe1 Kf6 47.
Nf3 Bd6 48. Ng5 Bd7 49. Nf3 Be6 50. Re3 Bc7 51. Ng5 Bd7 52. Re7 Be8 53. Nh7+
Kg6 54. Nf8+ Kg7 55. Ne6+ 1-0

[Event "DEM U14 2000"]
[Site "Überlingen GER"]
[Date "2000.06.08"]
[Round "7"]
[White "Werner, Daniel"]
[Black "Knörzer, Michael"]
[Result "1-0"]
[Termination "normal"]
[Board "2"]
[WhiteElo "2030"]
[BlackElo "1826"]
[PlyCount "57"]
[WhiteFideId "4662814"]
[EventCountry "GER"]
[EventRounds "9"]
[EventType "swiss"]
[EventDate "2000.06.03"]

1. e4 c5 2. Nf3 d6 3. d4 cxd4 4. Nxd4 Nf6 5. Nc3 a6 6. Bg5 e6 7. f4 Be7 8. Qf3
Qc7 9. O-O-O Nbd7 10. g4 b5 11. Bxf6 Nxf6 12. g5 Nd7 13. f5 Bxg5+ 14. Kb1 Ne5
15. Qh5 Qe7 16. fxe6 g6 17. exf7+ Kxf7 18. Qe2 Bg4 19. Qf2+ Qf6 20. Qxf6+ Bxf6
21. Be2 Bh3 22. Nd5 Bg2 23. Rhf1 Bxf1 24. Rxf1 Kg7 25. Rxf6 Nc4 26. Ne6+ Kh6
27. Kc1 Rae8 28. b3 Ne5 29. Ne3 1-0

[Event "DEM U14 2000"]
[Site "Überlingen GER"]
[Date "2000.06.08"]
[Round "7"]
[White "Guttenthaler, Franz"]
[Black "Abraham, Jan-Willem"]
[Result "1/2-1/2"]
[Termination "normal"]
[Board "3"]
[WhiteElo "2149"]
[BlackElo "1767"]
[PlyCount "69"]
[WhiteFideId "4655729"]
[EventCountry "GER"]
[EventRounds "9"]
[EventType "swiss"]
[EventDate "2000.06.03"]

1. e4 c5 2. c3 d5 3. exd5 Qxd5 4. d4 Nf6 5. Nf3 Bg4 6. Be2 e6 7. O-O Nc6 8. Na3
cxd4 9. Nb5 Qd7 10. Nbxd4 Nxd4 11. Nxd4 Bxe2 12. Qxe2 Be7 13. Bf4 Nd5 14. Bg3
O-O 15. Rad1 Bf6 16. c4 Nb6 17. Nb5 Qc6 18. b3 a6 19. Nd6 Rad8 20. Rd3 Rd7 21.
Rfd1 Rfd8 22. Ne4 Be7 23. h3 Nc8 24. Be5 Nd6 25. Bxd6 Bxd6 26. Kf1 Be7 27. Rxd7
Rxd7 28. Rxd7 Qxd7 29. Qd2 Qxd2 30. Nxd2 Bb4 31. Ke2 Kf8 32. Nb1 Ke7 33. a3 Bc5
34. b4 Bd4 35. f4 1/2-1/2

[Event "DEM U14 2000"]
[Site "Überlingen GER"]
[Date "2000.06.08"]
[Round "7"]
[White "Heinz, Axel"]
[Black "Fehsenfeld, Frithjof"]
[Result "1-0"]
[Termination "normal"]
[Board "4"]
[WhiteElo "2129"]
[BlackElo "1760"]
[PlyCount "67"]
[WhiteFideId "4667557"]
[EventCountry "GER"]
[EventRounds "9"]
[EventType "swiss"]
[EventDate "2000.06.03"]

1. e4 c6 2. d4 d5 3. exd5 cxd5 4. c4 e6 5. Nc3 Nf6 6. Nf3 Be7 7. cxd5 exd5 8.
Be2 O-O 9. O-O Nc6 10. Ne5 Be6 11. Be3 Qb6 12. Na4 Qc7 13. Qc1 Nd7 14. Nxc6
bxc6 15. Qc2 Nb8 16. Bd3 g6 17. Nc5 Bd6 18. h3 Bc8 19. Bh6 Rd8 20. Rfc1 Bxc5
21. Qxc5 Be6 22. Rc2 Rc8 23. Qc3 Qd7 24. Qd2 Qd6 25. Rac1 Bd7 26. Bf4 Qf6 27.
Be5 Qe7 28. Qf4 Qd8 29. h4 a6 30. h5 Qe7 31. Re2 Be6 32. Bf6 Qe8 33. hxg6 hxg6
34. Qh4 1-0

[Event "DEM U14 2000"]
[Site "Überlingen GER"]
[Date "2000.06.08"]
[Round "7"]
[White "Nazarenus, Moritz"]
[Black "Schneider, Andreas"]
[Result "1-0"]
[Termination "normal"]
[Board "6"]
[WhiteElo "1886"]
[BlackElo "1879"]
[PlyCount "57"]
[WhiteFideId "4670540"]
[BlackFideId "24606022"]
[EventCountry "GER"]
[EventRounds "9"]
[EventType "swiss"]
[EventDate "2000.06.03"]

1. d4 d5 2. Nf3 e6 3. Bg5 f6 4. Bh4 Bd6 5. e3 Ne7 6. Bd3 b6 7. c3 c6 8. Qe2 Qc7
9. Nbd2 O-O 10. e4 e5 11. dxe5 fxe5 12. Bxe7 Qxe7 13. O-O-O Bg4 14. Nf1 Nd7 15.
Ne3 Be6 16. Bc2 Nf6 17. Ng5 Nxe4 18. Nxe4 dxe4 19. Bxe4 Bxa2 20. Qh5 g6 21.
Bxg6 hxg6 22. Qxg6+ Qg7 23. Rxd6 Rxf2 24. Qh5 Bf7 25. Qh4 Rf4 26. g4 Bd5 27.
Nf5 Rxg4 28. Nh6+ Kf8 29. Rd8+ 1-0

[Event "DEM U14 2000"]
[Site "Überlingen GER"]
[Date "2000.06.08"]
[Round "7"]
[White "Krämer, Martin"]
[Black "Herrmann, Frank"]
[Result "1-0"]
[Termination "normal"]
[Board "7"]
[WhiteElo "1801"]
[BlackElo "1691"]
[PlyCount "61"]
[WhiteFideId "4671910"]
[EventCountry "GER"]
[EventRounds "9"]
[EventType "swiss"]
[EventDate "2000.06.03"]

1. e4 c5 2. d4 cxd4 3. c3 dxc3 4. Nxc3 Nc6 5. Nf3 d6 6. Bc4 e6 7. O-O Be7 8.
Qe2 a6 9. Rd1 b5 10. Bb3 Ra7 11. Be3 Rd7 12. Na4 bxa4 13. Bxa4 Bb7 14. Rac1 Nb8
15. e5 d5 16. Ba7 Bc6 17. Rxc6 Nxc6 18. Bxc6 Nh6 19. Qxa6 O-O 20. Bb6 Rc7 21.
Qa5 Rxc6 22. Bxd8 Rxd8 23. h3 Rdc8 24. Nd4 Rc4 25. b3 R4c5 26. Qd2 Bd8 27. b4
Rc4 28. b5 Bc7 29. Nc6 Kf8 30. Rc1 Ba5 31. Qb2 1-0

[Event "DEM U14 2000"]
[Site "Überlingen GER"]
[Date "2000.06.08"]
[Round "7"]
[White "Herzenstein, Georg"]
[Black "Dorongovski, Michael"]
[Result "1-0"]
[Termination "normal"]
[Board "8"]
[WhiteElo "1615"]
[BlackElo "1193"]
[PlyCount "83"]
[WhiteFideId "4678400"]
[EventCountry "GER"]
[EventRounds "9"]
[EventType "swiss"]
[EventDate "2000.06.03"]

1. e4 e6 2. d4 d5 3. Nc3 Bb4 4. e5 c5 5. Bd2 cxd4 6. Nb5 Bxd2+ 7. Qxd2 Nc6 8.
Nf3 Qb6 9. O-O-O f6 10. Qf4 Ke7 11. exf6+ Nxf6 12. Qd6+ Kf7 13. Ng5+ Kg6 14.
Qg3 e5 15. Bd3+ e4 16. Nxe4+ Kf7 17. Nbd6+ Kf8 18. Nxf6 gxf6 19. Qf3 Qd8 20.
Qxd5 Kg7 21. Be2 Rf8 22. Rd3 Ne5 23. Rxd4 Nf7 24. Nxf7 Qxd5 25. Rxd5 Kxf7 26.
Bc4 Kg7 27. Re1 a6 28. Re7+ Rf7 29. Re8 b5 30. Rdd8 bxc4 31. Rg8+ Kh6 32. Rxc8
Rxc8 33. Rxc8 Rg7 34. g3 Rg4 35. Rc6 Kg5 36. f4+ Kf5 37. Rxa6 h5 38. Rc6 h4 39.
Rxc4 hxg3 40. hxg3 Rxg3 41. a4 Rf3 42. a5 1-0

[Event "DEM U14 2000"]
[Site "Überlingen GER"]
[Date "2000.06.08"]
[Round "7"]
[White "Jovalekic, Oliver"]
[Black "Laßan, Christian"]
[Result "1/2-1/2"]
[Termination "normal"]
[Board "9"]
[WhiteElo "1791"]
[BlackElo "1684"]
[PlyCount "94"]
[WhiteFideId "4682530"]
[BlackFideId "4685997"]
[EventCountry "GER"]
[EventRounds "9"]
[EventType "swiss"]
[EventDate "2000.06.03"]

1. e4 e6 2. d3 d5 3. Nd2 Nf6 4. Ngf3 c5 5. g3 Nc6 6. Bg2 Be7 7. O-O O-O 8. Re1
Qc7 9. e5 Nd7 10. Qe2 Nb4 11. Nf1 b6 12. a3 Nc6 13. h4 Bb7 14. Bf4 b5 15. N1h2
c4 16. Ng4 Rac8 17. h5 a6 18. h6 g6 19. c3 Nc5 20. d4 Nd3 21. Red1 Nxf4 22.
gxf4 Na5 23. Nd2 Nc6 24. Ne3 Kh8 25. Kh2 Rg8 26. Bh3 f5 27. Rg1 Rb8 28. Nf3 Ba8
29. Ng5 Bxg5 30. Rxg5 a5 31. Rgg1 b4 32. axb4 axb4 33. Rgb1 bxc3 34. bxc3 Rxb1
35. Rxb1 Qe7 36. Rb6 Qh4 37. Ng2 Qxh6 38. Qa2 Qg7 39. Qa6 Qc7 40. Nh4 Qc8 41.
Qb5 Qc7 42. Nf3 h6 43. Ra6 Rb8 44. Qc5 Qb7 45. Qa3 Kg7 46. Bf1 Kf7 47. Be2 Rd8
1/2-1/2

[Event "DEM U14 2000"]
[Site "Überlingen GER"]
[Date "2000.06.08"]
[Round "7"]
[White "Fiebig, Thomas"]
[Black "Stich, Christopher"]
[Result "1-0"]
[Termination "normal"]
[Board "10"]
[WhiteElo "1636"]
[BlackElo "1418"]
[PlyCount "75"]
[WhiteFideId "4693922"]
[EventCountry "GER"]
[EventRounds "9"]
[EventType "swiss"]
[EventDate "2000.06.03"]

1. e4 g6 2. d4 Bg7 3. Nf3 c5 4. c3 cxd4 5. cxd4 d6 6. Nc3 Nf6 7. Be2 O-O 8. O-O
Nc6 9. h3 e5 10. dxe5 dxe5 11. Be3 Qe7 12. a3 Be6 13. Qc2 Nd7 14. Nb5 Rac8 15.
Qd2 a6 16. Nd6 Rc7 17. Rac1 Kh8 18. Nxb7 Rxb7 19. Rxc6 a5 20. Ng5 Rfb8 21. Nxe6
Rxb2 22. Qxa5 Rxe2 23. Nxg7 Kxg7 24. Qa7 Qe8 25. Rc7 Ra8 26. Qb7 Rb8 27. Qa6
Ra2 28. Qd6 Nf6 29. Re7 Qd8 30. Bh6+ Kxh6 31. Qxf6 Qh8 32. Qxf7 Rxa3 33. Qe6
Ra5 34. g4 Qf8 35. h4 Qg8 36. g5+ Kh5 37. f3 Qxe6 38. Rxh7# 1-0

[Event "DEM U14 2000"]
[Site "Überlingen GER"]
[Date "2000.06.08"]
[Round "7"]
[White "Jachnowitsch, Kristijan"]
[Black "Siepmann, Martin"]
[Result "1-0"]
[Termination "normal"]
[Board "11"]
[WhiteElo "1697"]
[BlackElo "1666"]
[PlyCount "81"]
[EventCountry "GER"]
[EventRounds "9"]
[EventType "swiss"]
[EventDate "2000.06.03"]

1. d4 c5 2. d5 e5 3. e4 d6 4. c4 g6 5. Bd3 Bg7 6. Ne2 Ne7 7. O-O O-O 8. f3 f5
9. Nbc3 Nd7 10. g4 fxg4 11. fxg4 Nf6 12. h3 Bd7 13. Be3 Qc8 14. Ng3 a6 15. a3
b5 16. cxb5 c4 17. Be2 axb5 18. b3 Qc7 19. a4 b4 20. Na2 cxb3 21. Nxb4 Qc3 22.
Qd2 Rfc8 23. a5 b2 24. Ra2 Qxd2 25. Bxd2 Rcb8 26. Rb1 Bb5 27. Kf2 Bxe2 28. Kxe2
Rb5 29. Nd3 h5 30. g5 Nd7 31. Raxb2 Rbb8 32. Rxb8+ Nxb8 33. Rb7 Nc8 34. Nf1 Bf8
35. Ne3 Be7 36. Nc4 Bd8 37. Nb4 Kf8 38. Nc6 Nxc6 39. dxc6 Be7 40. Nb6 Nxb6 41.
axb6 1-0

[Event "DEM U14 2000"]
[Site "Überlingen GER"]
[Date "2000.06.08"]
[Round "7"]
[White "Vollstädt, Ole"]
[Black "Meyer, Kai-Christian"]
[Result "1-0"]
[Termination "normal"]
[Board "12"]
[WhiteElo "1027"]
[BlackElo "1642"]
[PlyCount "57"]
[BlackFideId "4680650"]
[EventCountry "GER"]
[EventRounds "9"]
[EventType "swiss"]
[EventDate "2000.06.03"]

1. e4 c6 2. Nc3 d5 3. Nf3 Bg4 4. Be2 d4 5. Nxd4 Bxe2 6. Ndxe2 Nf6 7. O-O e6 8.
d4 Be7 9. Ng3 Nbd7 10. Be3 Qc7 11. Qe2 O-O-O 12. a3 g6 13. b4 h5 14. Rfb1 h4
15. Nf1 Nh5 16. b5 g5 17. bxc6 Qxc6 18. Nb5 Qxe4 19. Qc4+ Kb8 20. Qc7+ Ka8 21.
Qa5 Kb8 22. Qxa7+ Kc8 23. Bxg5 Rhg8 24. f3 Qd5 25. Bxe7 Nf4 26. Nd6+ Kc7 27.
Rxb7+ Kc6 28. Qa6+ Nb6 29. Qxb6# 1-0

[Event "DEM U14 2000"]
[Site "Überlingen GER"]
[Date "2000.06.09"]
[Round "8"]
[White "Werner, Daniel"]
[Black "Baramidze, David"]
[Result "0-1"]
[Termination "normal"]
[Board "1"]
[WhiteElo "2030"]
[BlackElo "2154"]
[PlyCount "88"]
[WhiteFideId "4662814"]
[BlackFideId "4667719"]
[EventCountry "GER"]
[EventRounds "9"]
[EventType "swiss"]
[EventDate "2000.06.03"]

1. e4 c5 2. Nf3 d6 3. d4 cxd4 4. Nxd4 Nf6 5. Nc3 a6 6. Bg5 e6 7. f4 Be7 8. Qf3
Qc7 9. O-O-O Nbd7 10. g4 b5 11. Bxf6 Nxf6 12. g5 Nd7 13. f5 Bxg5+ 14. Kb1 Ne5
15. Qh5 Qd8 16. Rg1 Bf6 17. fxe6 O-O 18. Bh3 g6 19. Qe2 Kh8 20. Nd5 fxe6 21.
Bxe6 Ra7 22. Rgf1 Bg7 23. Qe3 Nc4 24. Qg1 Rxf1 25. Qxf1 Bxd4 26. Bxc8 Bxb2 27.
Qf2 Rg7 28. Be6 Qe8 29. Nc7 Rxc7 30. Bxc4 Rxc4 31. Kxb2 Qe5+ 32. Kb1 Rb4+ 33.
Kc1 Qa1+ 34. Kd2 Qd4+ 35. Ke1 Qxf2+ 36. Kxf2 Rxe4 37. Rxd6 Ra4 38. Rd7 Rxa2 39.
Rc7 Ra3 40. Kf1 b4 41. Ra7 a5 42. Ke1 Ra2 43. Kd1 a4 44. Kc1 b3 0-1

[Event "DEM U14 2000"]
[Site "Überlingen GER"]
[Date "2000.06.09"]
[Round "8"]
[White "Knörzer, Michael"]
[Black "Heinz, Axel"]
[Result "1/2-1/2"]
[Termination "normal"]
[Board "2"]
[WhiteElo "1826"]
[BlackElo "2129"]
[PlyCount "83"]
[BlackFideId "4667557"]
[EventCountry "GER"]
[EventRounds "9"]
[EventType "swiss"]
[EventDate "2000.06.03"]

1. d4 Nf6 2. c4 e5 3. dxe5 Ng4 4. Nf3 Bc5 5. e3 Nc6 6. Be2 Ngxe5 7. O-O O-O 8.
Nbd2 d6 9. b3 Bf5 10. Nxe5 dxe5 11. a3 a5 12. Bf3 Qd3 13. Bb2 e4 14. Be2 Qd6
15. Qc2 Qe7 16. Rfd1 Rfd8 17. Nb1 Rxd1+ 18. Bxd1 Ne5 19. Nc3 Nd3 20. Nd5 Qd6
21. Be2 c6 22. Nc3 Nxb2 23. Qxb2 Qe5 24. Rc1 Be7 25. a4 Rd8 26. Qc2 Bf6 27. Rd1
Rxd1+ 28. Nxd1 g6 29. h3 Kg7 30. Bg4 Bxg4 31. hxg4 Qa1 32. Kf1 Qe5 33. Kg1 Kh6
34. Qe2 Be7 35. Qc2 Bb4 36. Kh1 Kg5 37. f4+ exf3 38. gxf3 Qg3 39. Qf2 Qd6 40.
Qe2 Kf6 41. Nf2 Qe5 42. Kg2 1/2-1/2

[Event "DEM U14 2000"]
[Site "Überlingen GER"]
[Date "2000.06.09"]
[Round "8"]
[White "Eisenbeiser, Amadeus"]
[Black "Nazarenus, Moritz"]
[Result "1/2-1/2"]
[Termination "normal"]
[Board "3"]
[WhiteElo "1828"]
[BlackElo "1886"]
[PlyCount "55"]
[WhiteFideId "4678338"]
[BlackFideId "4670540"]
[EventCountry "GER"]
[EventRounds "9"]
[EventType "swiss"]
[EventDate "2000.06.03"]

1. e4 c6 2. d4 d5 3. exd5 cxd5 4. Bd3 Nc6 5. c3 Nf6 6. Bf4 Bg4 7. Qb3 Na5 8.
Qa4+ Bd7 9. Qc2 Bg4 10. h3 Bh5 11. Qa4+ Nc6 12. Nd2 e6 13. Bb5 Qb6 14. Ngf3 Be7
15. Bxc6+ bxc6 16. Qb3 Qa6 17. Qd1 O-O 18. Qe2 Qxe2+ 19. Kxe2 Ne4 20. g4 Bg6
21. Ne5 Rac8 22. Be3 Nxd2 23. Kxd2 f6 24. Nxg6 hxg6 25. Rae1 g5 26. Kd3 Kf7 27.
f4 gxf4 28. Bxf4 1/2-1/2

[Event "DEM U14 2000"]
[Site "Überlingen GER"]
[Date "2000.06.09"]
[Round "8"]
[White "Krämer, Martin"]
[Black "Guttenthaler, Franz"]
[Result "0-1"]
[Termination "normal"]
[Board "4"]
[WhiteElo "1801"]
[BlackElo "2149"]
[PlyCount "94"]
[WhiteFideId "4671910"]
[BlackFideId "4655729"]
[EventCountry "GER"]
[EventRounds "9"]
[EventType "swiss"]
[EventDate "2000.06.03"]

1. e4 Nf6 2. e5 Nd5 3. c4 Nb6 4. d4 d6 5. exd6 cxd6 6. Nc3 g6 7. Be3 Bg7 8. Rc1
O-O 9. b3 Nc6 10. Nf3 Bg4 11. Be2 d5 12. c5 Nc8 13. a3 e6 14. O-O N8e7 15. Ne1
Bxe2 16. Nxe2 Nf5 17. Nc2 Qd7 18. b4 Rad8 19. Qd2 e5 20. b5 Ncxd4 21. Bxd4 exd4
22. a4 Nh4 23. Nexd4 Rfe8 24. f3 Nf5 25. Nxf5 Qxf5 26. Nd4 Qf6 27. Rfd1 Qh4 28.
Qf2 Qg5 29. Rc2 Bh6 30. Kh1 Qe5 31. Re2 Be3 32. Qg3 Qf6 33. Qe1 Qe5 34. Rd3
Bxd4 35. Rxe5 Rxe5 36. Qg3 Rde8 37. Rd1 Bxc5 38. h4 d4 39. Kh2 b6 40. Qf4 Rd5
41. Kh3 d3 42. g4 Be3 43. Qc7 d2 44. Qxa7 Bf4 45. Qxb6 Re1 46. Rxd2 Rh1+ 47.
Kg2 Rh2+ 0-1

[Event "DEM U14 2000"]
[Site "Überlingen GER"]
[Date "2000.06.09"]
[Round "8"]
[White "Abraham, Jan-Willem"]
[Black "Herzenstein, Georg"]
[Result "1/2-1/2"]
[Termination "normal"]
[Board "5"]
[WhiteElo "1767"]
[BlackElo "1615"]
[PlyCount "109"]
[BlackFideId "4678400"]
[EventCountry "GER"]
[EventRounds "9"]
[EventType "swiss"]
[EventDate "2000.06.03"]

1. e4 c6 2. d4 d5 3. Nc3 dxe4 4. Nxe4 Bf5 5. Ng3 Bg6 6. Bc4 e6 7. N1e2 Nf6 8.
O-O Bd6 9. f4 Qc7 10. f5 exf5 11. Nxf5 Bxh2+ 12. Kh1 Bxf5 13. Rxf5 Nbd7 14. Nf4
O-O-O 15. Kxh2 g6 16. Rxf6 Nxf6 17. Kg1 c5 18. d5 Qe5 19. Qe2 Qd4+ 20. Be3 Qxb2
21. Rd1 Rhe8 22. Qd3 Qe5 23. Bc1 g5 24. Ne2 Nxd5 25. Bxd5 Qxe2 26. Bxg5 Qxd3
27. Rxd3 Rd7 28. Bc4 Rxd3 29. Bxd3 h5 30. Kf2 Kc7 31. Bf4+ Kc6 32. Be2 Kb6 33.
Bxh5 Kb5 34. Kf3 Re7 35. Bg5 Re5 36. Kg4 Re2 37. Kf3 Re5 38. Kg4 Re2 39. g3
Rxc2 40. Bxf7 c4 41. Be8+ Kb4 42. Be7+ Kc3 43. Kf3 Rxa2 44. g4 Kd2 45. g5 Ra1
46. Kf2 c3 47. g6 Ra5 48. g7 Rf5+ 49. Kg2 c2 50. g8=Q c1=Q 51. Bg5+ Rxg5+ 52.
Qxg5+ Kc2 53. Qc5+ Kd2 54. Qg5+ Kc2 55. Qc5+ 1/2-1/2

[Event "DEM U14 2000"]
[Site "Überlingen GER"]
[Date "2000.06.09"]
[Round "8"]
[White "Rohde, Torsten"]
[Black "Schneider, Andreas"]
[Result "0-1"]
[Termination "normal"]
[Board "6"]
[WhiteElo "2071"]
[BlackElo "1879"]
[PlyCount "150"]
[WhiteFideId "4665007"]
[BlackFideId "24606022"]
[EventCountry "GER"]
[EventRounds "9"]
[EventType "swiss"]
[EventDate "2000.06.03"]

1. e4 c5 2. Nf3 e6 3. d4 cxd4 4. Nxd4 a6 5. Bd3 b5 6. O-O d6 7. a4 b4 8. Kh1
Bb7 9. Qe2 Nd7 10. f4 Be7 11. Nd2 Qc7 12. N2f3 Nc5 13. Bd2 Nf6 14. e5 dxe5 15.
fxe5 Nd5 16. Bc4 Nd7 17. Rae1 O-O 18. b3 N7b6 19. Bd3 Nc3 20. Qf2 Nd7 21. Qg3
Bxf3 22. Nxf3 Rfe8 23. Qh3 g6 24. Bg5 Nd5 25. Bxe7 Rxe7 26. Ng5 Nf8 27. Qh6 Qc3
28. Re4 f5 29. exf6 Nxf6 30. Ref4 N6d7 31. Rf7 Rxf7 32. Rxf7 Qa1+ 33. Rf1 Qg7
34. Qxg7+ Kxg7 35. Rf7+ Kg8 36. Rf4 a5 37. Bc4 Re8 38. Re4 Nc5 39. Re5 Nfd7 40.
Re2 Nf8 41. h3 h6 42. Ne4 Nxe4 43. Rxe4 Kf7 44. Re5 Ra8 45. Kg1 Kf6 46. Rc5 Ke7
47. Kf2 Nd7 48. Rc6 Nf8 49. Ke3 Kd7 50. Bb5 Ke7 51. Ke4 g5 52. Be2 Kd7 53. Rc5
Kd6 54. Rb5 Nd7 55. Bf3 Ra6 56. Kd4 Ra7 57. g3 Rc7 58. Rxa5 Rxc2 59. Ra6+ Ke7
60. Bg4 e5+ 61. Ke3 Rc3+ 62. Kd2 Nc5 63. Rxh6 Nxb3+ 64. Kd1 Rc1+ 65. Ke2 Nd4+
66. Kd3 Rc3+ 67. Ke4 Rc5 68. Rg6 b3 69. Rxg5 b2 70. Rg7+ Kf8 71. Rb7 Nb5 72.
Rb8+ Ke7 73. Rb7+ Kd8 74. Rd7+ Ke8 75. Rd1 Nc3+ 0-1

[Event "DEM U14 2000"]
[Site "Überlingen GER"]
[Date "2000.06.09"]
[Round "8"]
[White "Raach, Stephen"]
[Black "Fehsenfeld, Frithjof"]
[Result "1/2-1/2"]
[Termination "normal"]
[Board "7"]
[WhiteElo "1895"]
[BlackElo "1760"]
[PlyCount "104"]
[EventCountry "GER"]
[EventRounds "9"]
[EventType "swiss"]
[EventDate "2000.06.03"]

1. e4 c6 2. d4 d5 3. Nc3 dxe4 4. Nxe4 Nd7 5. Bc4 Ngf6 6. Nxf6+ Nxf6 7. c3 e6 8.
Nf3 Qc7 9. O-O Be7 10. Ne5 O-O 11. Bf4 Bd6 12. Re1 Nd5 13. Bg3 f6 14. Nd3 Bxg3
15. hxg3 Bd7 16. Qf3 Rae8 17. Re2 Rf7 18. Rae1 Rfe7 19. Nf4 Qd6 20. Qe4 b6 21.
Qf3 g6 22. Bb3 Kg7 23. c4 Nxf4 24. Qxf4 e5 25. dxe5 Rxe5 26. Rxe5 Rxe5 27. Rxe5
Qxe5 28. Qxe5 fxe5 29. Bc2 Kf6 30. f3 Ke7 31. Kf2 Kd6 32. Ke3 Kc5 33. g4 Kd6
34. a3 Be6 35. b3 a5 36. Bd3 Bf7 37. Be2 g5 38. Bd3 Bg6 39. Bxg6 hxg6 40. Ke4
Kc5 41. Kd3 b5 42. g3 b4 43. a4 Kd6 44. Ke4 Ke6 45. c5 Kf6 46. Kd3 Ke6 47. Kc4
Kf6 48. Kd3 Ke7 49. Ke3 Kf6 50. Kd3 Ke7 51. Ke3 Kf6 52. Kd3 Ke7 1/2-1/2

[Event "DEM U14 2000"]
[Site "Überlingen GER"]
[Date "2000.06.09"]
[Round "8"]
[White "Dorongovski, Michael"]
[Black "Jovalekic, Oliver"]
[Result "0-1"]
[Termination "normal"]
[Board "8"]
[WhiteElo "1193"]
[BlackElo "1791"]
[PlyCount "108"]
[BlackFideId "4682530"]
[EventCountry "GER"]
[EventRounds "9"]
[EventType "swiss"]
[EventDate "2000.06.03"]

1. e4 c5 2. Nf3 Nc6 3. d4 cxd4 4. Nxd4 Nf6 5. Nc3 e5 6. Ndb5 d6 7. Bg5 a6 8.
Na3 b5 9. Nd5 Be7 10. Nxe7 Qxe7 11. Be2 Be6 12. c3 Rd8 13. O-O d5 14. exd5 Bxd5
15. Qc2 O-O 16. Rfe1 h6 17. Bh4 g5 18. Bg3 Ne4 19. Bd3 Nxg3 20. hxg3 Qc7 21.
Nb1 Ne7 22. Nd2 f5 23. c4 Bf7 24. f3 e4 25. fxe4 Qxg3 26. Bf1 Qf4 27. Nb3 Rc8
28. c5 g4 29. Bd3 Bg6 30. exf5 Nxf5 31. Re6 Kg7 32. Qc3+ Kh7 33. Rf1 Qg5 34.
Bxf5 Bxf5 35. Rxa6 Rc7 36. Qe5 Rcf7 37. Qf4 Qg7 38. Qd4 Qg5 39. c6 g3 40. Ra7
Qh5 41. Rxf7+ Rxf7 42. Rf3 Qh2+ 43. Kf1 Qh1+ 44. Ke2 Qxg2+ 45. Ke3 Qg1+ 46. Kf4
Bd7+ 47. Ke4 Qxd4+ 48. Nxd4 Rxf3 49. Nxf3 Bxc6+ 50. Kf4 g2 51. Ng1 Kg6 52. Ke3
Kf5 53. Kf2 Kg4 54. Nf3 Bxf3 0-1

[Event "DEM U14 2000"]
[Site "Überlingen GER"]
[Date "2000.06.09"]
[Round "8"]
[White "Herrmann, Frank"]
[Black "Jachnowitsch, Kristijan"]
[Result "1/2-1/2"]
[Termination "normal"]
[Board "9"]
[WhiteElo "1691"]
[BlackElo "1697"]
[PlyCount "61"]
[EventCountry "GER"]
[EventRounds "9"]
[EventType "swiss"]
[EventDate "2000.06.03"]

1. e4 c5 2. Nf3 d6 3. d4 cxd4 4. Nxd4 Nf6 5. Nc3 a6 6. Bg5 e6 7. f4 Be7 8. Qf3
Nbd7 9. O-O-O h6 10. Bh4 Qc7 11. Bd3 g5 12. fxg5 Ne5 13. Qe2 Nfg4 14. Nf3 Nxf3
15. gxf3 hxg5 16. Bg3 Ne5 17. f4 Nc6 18. f5 Bd7 19. fxe6 fxe6 20. Bc4 O-O-O 21.
Rd2 Na5 22. Bb3 Nxb3+ 23. axb3 Qc6 24. Rhd1 Be8 25. Qc4 Qxc4 26. bxc4 Bh5 27.
Rf1 Rhf8 28. Rxf8 Rxf8 29. Rf2 Rxf2 30. Bxf2 Bf6 31. Kd2 1/2-1/2

[Event "DEM U14 2000"]
[Site "Überlingen GER"]
[Date "2000.06.09"]
[Round "8"]
[White "Stich, Christopher"]
[Black "Laßan, Christian"]
[Result "0-1"]
[Termination "normal"]
[Board "10"]
[WhiteElo "1418"]
[BlackElo "1684"]
[PlyCount "76"]
[BlackFideId "4685997"]
[EventCountry "GER"]
[EventRounds "9"]
[EventType "swiss"]
[EventDate "2000.06.03"]

1. e4 d5 2. exd5 Nf6 3. Bb5+ Bd7 4. Bc4 b5 5. Bb3 a5 6. a4 bxa4 7. Ba2 Bg4 8.
f3 Bc8 9. Nc3 Bb7 10. Nxa4 Bxd5 11. Bxd5 Nxd5 12. Ne2 e6 13. O-O Bd6 14. Nac3
c6 15. Nxd5 cxd5 16. d4 O-O 17. Qe1 Qc7 18. Ng3 Qxc2 19. Rxa5 Nc6 20. Rxa8 Rxa8
21. Qc3 Nxd4 22. Rf2 Qxc3 23. bxc3 Nb5 24. Rc2 Rc8 25. Ne2 h6 26. Be3 Kf8 27.
g3 Ke7 28. Kf2 e5 29. Rc1 Ke6 30. f4 f6 31. Kf3 Bc5 32. Bxc5 Rxc5 33. Ke3 Nxc3
34. Nxc3 d4+ 35. Ke4 Rxc3 36. f5+ Kd6 37. Re1 Rc2 38. h3 Rc3 0-1

[Event "DEM U14 2000"]
[Site "Überlingen GER"]
[Date "2000.06.09"]
[Round "8"]
[White "Meyer, Kai-Christian"]
[Black "Fiebig, Thomas"]
[Result "0-1"]
[Termination "normal"]
[Board "11"]
[WhiteElo "1642"]
[BlackElo "1636"]
[PlyCount "98"]
[WhiteFideId "4680650"]
[BlackFideId "4693922"]
[EventCountry "GER"]
[EventRounds "9"]
[EventType "swiss"]
[EventDate "2000.06.03"]

1. d4 d5 2. Nf3 Nf6 3. Bg5 e6 4. Nbd2 Be7 5. e3 Nbd7 6. c3 O-O 7. Bd3 Re8 8.
Ne5 Nf8 9. O-O c5 10. f4 Qb6 11. Rb1 Qa5 12. a3 Bd7 13. Bxf6 Bxf6 14. Bxh7+
Nxh7 15. Nxd7 cxd4 16. exd4 g6 17. Qg4 Bxd4+ 18. Kh1 Bg7 19. Ne5 Nf6 20. Qh3
Qa4 21. Qe3 Rad8 22. Qc5 Rf8 23. Qb4 Qxb4 24. axb4 Nd7 25. Nxd7 Rxd7 26. Ra1 a6
27. Nb3 Rfd8 28. Nc5 Rc7 29. h3 Bf8 30. Nb3 Bd6 31. Nd4 Rc4 32. Ra5 Bxb4 33.
cxb4 Rxd4 34. b5 Rb4 35. bxa6 bxa6 36. Rxa6 Rxb2 37. Ra3 Rc8 38. Rff3 Rcc2 39.
Rg3 Kg7 40. h4 Rd2 41. Rad3 Rf2 42. Rd4 Rb1+ 43. Kh2 Rbf1 44. Rg4 f5 45. Rg5
Rxf4 46. Rxf4 Rxf4 47. h5 Rh4+ 48. Kg3 Rxh5 49. Rxh5 gxh5 0-1